01107 a2200205 45000010006000000050017000060080041000230030015000640400040000790800056001192450050001750200018002252640045002433000019002885050498003071000024008057000017008297000028008467000027008742505720260407155534.0260407a1973 arg spa dAR-UNSa-BCEJYS aAR-UNSa-BCEJYSbspacAR-UNSa-BCEJYS a519.2xProbabilidades y estadística matemática 10aIntroducción a la estadística económica a84-610-6029-6 1aBuenos Aires :bAmorrortu Editoresc1973 a734 p.c23 cm. a1. Economía y estadística - 2. Estadística descriptiva - 3. Medición de los cambios en los agregados económicos - 4. Probabilidad básica - 5. Distribuciones de probabilidad - 6. Distribuciones teóricas - 7. Muestreo y estimación - 8. Prueba de hipótesis estadísticas - 9. Regresión simple - 10. Análisi de regresión múltiple - 11. Análisis univariado de series cronólogicas - 12. Identificación, ordenamiento casual y estimación en lso modelos económicos.1 aMerrill, William C.1 aFox, Karl A.1 aKitaigorodzki, Mauricio1 aSbarra Mitre, Oscar J.